LEADER 01403nam--2200469---450 001 990000831290203316 005 20180308150900.0 010 $a88-7835-043-5 035 $a0083129 035 $aUSA010083129 035 $a(ALEPH)000083129USA01 035 $a0083129 100 $a20020102d1990----km-y0ENGy0103----ba 101 $aita 102 $aIT 200 1 $aLez Regia$ediritto, filologia e fides historica nella cultura politico-filosofica dell'Olanda di fine Seicento$fFabrizio Lomonaco 210 $aNapoli$cGuida$d1990 215 $a330 p.$d22 cm 225 2 $aStudi vichiani$v19 410 $12001$aStudi vichiani$v19 606 $aOlanda$xCiltura$zSec. 17 676 $a949.203 700 1$aLOMONACO,$bFabrizio$04815 801 0$aIT$bsalbc$gISBD 912 $a990000831290203316 951 $aII.1 Coll.84/ 19(IV C COLL. 48 19)$b136614 LM$cIV C 951 $aIV C COLL. 48 19$b74324 EC$cIV C 951 $aCC 199.492 LOM$b798 FIL 959 $aBK 969 $aECO 969 $aUMA 969 $aFIL 979 $aPATTY$b90$c20020102$lUSA01$h1506 979 $c20020403$lUSA01$h1729 979 $aPATRY$b90$c20040406$lUSA01$h1657 979 $aCOPAT3$b90$c20050609$lUSA01$h1234 979 $c20121027$lUSA01$h1545 979 $c20121027$lUSA01$h1604 979 $c20121027$lUSA01$h1610 996 $aLez Regia$9967467 997 $aUNISA DEB $aSA0001538 LEADER 01658nam 2200481 450 001 9910284952003321 005 20230807220840.0 010 $a1-78064-878-2 010 $a1-78064-464-7 035 $a(CKB)3880000000024225 035 $a(MiAaPQ)EBC4392523 035 $a(EXLCZ)993880000000024225 100 $a20160307h20152015 uy 0 101 0 $aeng 135 $aurcnu|||||||| 181 $2rdacontent 182 $2rdamedia 183 $2rdacarrier 200 00$aClimate change challenges and adaptations at farm-level $ecase studies from Asia and Africa /$fedited by Naveen P. Singh [and four others] 210 1$aOxfordshire, England ;$aBoston, Massachusetts :$cCABI,$d2015. 210 4$dİ2015 215 $a1 online resource (244 pages) $cillustrations, tables 225 1 $aCABI Climate Change Series 311 $a1-78064-463-9 320 $aIncludes bibliographical references at the end of each chapters and index. 410 0$aCABI climate change series. 606 $aClimatic changes$zAsia$vCase studies 606 $aClimatic changes$zAfrica$vCase studies 606 $aClimate change mitigation$zAsia$vCase studies 606 $aClimate change mitigation$zAfrica$vCase studies 615 0$aClimatic changes 615 0$aClimatic changes 615 0$aClimate change mitigation 615 0$aClimate change mitigation 676 $a363.738/74095 702 $aSingh$b N. P$g(Naveen P.), 801 0$bMiAaPQ 801 1$bMiAaPQ 801 2$bMiAaPQ 906 $aBOOK 912 $a9910284952003321 996 $aClimate change challenges and adaptations at farm-level$92793119 997 $aUNINA